Préfectures françaises les plus proches de la mer - Statistiques

Statistiques générales
  • Ce quiz a été pris 87 fois
  • Le résultat moyen est 16 sur 20
Statistiques - réponses
Distance Préfecture % Correct
0 km Nice
99%
0 km La Rochelle
96%
32 km La Roche-sur-Yon
96%
0 km Marseille
96%
4 km Montpellier
92%
0 km Toulon
88%
9 km Perpignan
87%
11 km Caen
86%
13 km Quimper
85%
0km Saint Denis
79%
0 km Fort-de-France
78%
35 km Nîmes
78%
0 km Vannes
78%
0 km Ajaccio
76%
0 km Bastia
76%
0 km Cayenne
73%
0 km Mamoudzou
72%
0 km Saint Brieuc
71%
25 km Saint Lô
67%
0 km Basse Terre
63%
Aucun quiz correspondant
Distribution des résultats
% des personnes avec chaque résultat
Percentile par nombre de réponses
Votre historique - résultats
Vous n’avez pas pris ce quiz